000 00504nam a2200193Ia 4500
005 20230720100608.0
008 131103s9999 xx 000 0 und d
020 _a000612870X
040 _aLoreto College
041 _aEnglish
082 _aF
_bADA
100 _aAdamson,George
245 _aBwana Game
_b The life story of George Adamson
_cGeorge Adamson
260 _aLondon
_bCollins/Fontana Books
_c1968
300 _a287 p.
650 _aFiction in English
850 _aLCLIB
942 _cBK
999 _c16123
_d66602